| 000 | 00352nam a2200121Ia 4500 | ||
|---|---|---|---|
| 008 | 230907s9999||||xx |||||||||||||| ||und|| | ||
| 082 | _a621.31,BOL | ||
| 100 |
_aBollen, Math H. J., _9114992 |
||
| 245 | 0 | _aSignal processing of power quality disturbances / | |
| 260 |
_aWiley-Interscience, _bHoboken, NJ : _c2006 |
||
| 300 | _axx, 861 p. : | ||
| 942 | _cBK | ||
| 999 |
_c598119 _d598119 |
||